| 000 | 00707nam a22001577a 4500 | ||
|---|---|---|---|
| 003 | OSt | ||
| 005 | 20160226101056.0 | ||
| 008 | 160226b xxu||||| |||| 00| 0 eng d | ||
| 040 | _cRUA | ||
| 082 | _aAGR SON 2014 B433 Or.1 | ||
| 100 |
_97528 _aSONG SAMNANG ; សុង សំណាង |
||
| 245 | _aEffect of times of irrigated nutrient solution on tomato growth by fertigation system , ឥទ្ធិពលចំនួនដងនៃការស្រោចស្រពសូលុយស្យុងជីលើដំណាំប៉េងប៉ោះដំាតាមប្រព័ន្ធដំណក់ជី | ||
| 260 |
_aPhnom Penh _bRUA _c2014 |
||
| 300 |
_axi ;55p. _bill. _c29cm. |
||
| 942 |
_2ddc _cAGR |
||
| 999 |
_c7119 _d7119 |
||